Menores en riesgo y acogimiento familiar: compartir el compromiso
Saved in:
| Hovedforfatter: | |
|---|---|
| Format: | Bog |
| Sprog: | spansk |
| Udgivet: |
Buenos Aires
Hvmanitas
1994
|
| Serier: | Colección Promoción Social
|
| Fag: | |
| Tags: |
Tilføj Tag
Ingen Tags, Vær først til at tagge denne postø!
|
MARC
| LEADER | 00000nam a2200000 a 4500 | ||
|---|---|---|---|
| 001 | UCT0737 | ||
| 003 | CL-VaPUC | ||
| 008 | 960906e19940000AG |||||||||||||||||spa|d | ||
| 082 | 0 | 4 | |a 306.874 |b LUN |2 21 |
| 100 | |a Luna, Matilde de |e autora |9 369188 | ||
| 245 | 1 | 0 | |a Menores en riesgo y acogimiento familiar: compartir el compromiso |
| 300 | |a 148 p | ||
| 942 | |c BK | ||
| 945 | |d 19960906 00:00:00 |a nastorga | ||
| 260 | |a Buenos Aires |b Hvmanitas |c 1994 | ||
| 650 | 7 | |a CUSTODIA INSTITUCIONAL DEL NIÑO |2 CL-VaPUC |9 369189 | |
| 650 | 0 | |a Adopción |9 255783 | |
| 650 | 0 | |a Familias |9 255641 | |
| 650 | 7 | |a NIÑOS ADOPTADOS |2 CL-VaPUC |9 334724 | |
| 650 | 0 | |a Trabajo social |9 307856 | |
| 650 | 7 | |a BIENESTAR DE LA INFANCIA |2 CL-VaPUC |9 369190 | |
| 650 | 7 | |a TRABAJO DE INVESTIGACION |2 CL-VaPUC |9 334804 | |
| 583 | |a last modification |c 19960906 00:00:00 |k Rodrigo Vera | ||
| 490 | 0 | |a Colección Promoción Social | |
| 999 | |c 251462 |d 251460 | ||
| 952 | |0 0 |1 0 |4 0 |6 306_874000000000000_LUN_1994 |7 0 |8 A |9 270640 |a BIBGIM |b BIBGIM |d 2019-11-19 |i 3227626 |o 306.874 LUN 1994 |p 3227626 |r 2025-01-15 |w 2019-11-19 |y BK |k SSL | ||